BSOP header

Living as United Methodist Christians (Record no. 50651)

MARC details
000 -LEADER
fixed length control field 01186cam a2200265 a 4500
001 - CONTROL NUMBER
control field 16558027
005 - DATE AND TIME OF LATEST TRANSACTION
control field 20220304140853.0
008 - FIXED-LENGTH DATA ELEMENTS--GENERAL INFORMATION
fixed length control field 101130s2011 tnu 000 0 eng
010 ## - LIBRARY OF CONGRESS CONTROL NUMBER
LC control number 2010048805
020 ## - INTERNATIONAL STANDARD BOOK NUMBER
International Standard Book Number 9781426711930 (alk. paper)
100 1# - MAIN ENTRY--PERSONAL NAME
Personal name Langford, Andy.
245 10 - TITLE STATEMENT
Title Living as United Methodist Christians
Medium [electronic resource] :
Remainder of title our story, our beliefs, our lives /
Statement of responsibility, etc Andy and Sally Langford.
260 ## - PUBLICATION, DISTRIBUTION, ETC. (IMPRINT)
Place of publication, distribution, etc Nashville :
Name of publisher, distributor, etc Abingdon Press,
Date of publication, distribution, etc c2011.
300 ## - PHYSICAL DESCRIPTION
Extent 118 p. ;
Dimensions 23 cm.
336 ## - CONTENT TYPE
Content Type Term text
337 ## - MEDIA TYPE
Media Type Term computer
338 ## - CARRIER TYPE
Carrier Type Term online resource
504 ## - BIBLIOGRAPHY, ETC. NOTE
Bibliography, etc Includes bibliographical references and index.
505 0# - FORMATTED CONTENTS NOTE
Formatted contents note What is our biblical story? -- What do we share with other Christians? -- What is our United Methodist story? -- What do United Methodists believe? -- How do United Methodists serve God and our neighbor? -- How do United Methodists live and worship? -- An invitation -- Membership vows -- Social creed.
610 20 - SUBJECT ADDED ENTRY--CORPORATE NAME
Corporate name or jurisdiction name as entry element United Methodist Church (U.S.)
655 #4 - INDEX TERM--GENRE/FORM
Genre/form data or focus term Electronic books
700 1# - ADDED ENTRY--PERSONAL NAME
Personal name Langford, Sally.
856 ## - ELECTRONIC LOCATION AND ACCESS
Uniform Resource Identifier <a href="https://drive.google.com/file/d/1sfH2CqrlMSv2NvkAegVnv5JfO8wAhfjz/view?usp=sharing">https://drive.google.com/file/d/1sfH2CqrlMSv2NvkAegVnv5JfO8wAhfjz/view?usp=sharing</a>
942 ## - ADDED ENTRY ELEMENTS (KOHA)
Source of classification or shelving scheme Library of Congress Classification
Item type eBooks
Holdings
Withdrawn status Lost status Source of classification or shelving scheme Damaged status Not for loan Home library Current library Date acquired Inventory number Total Checkouts Date last seen Price effective from Koha item type
    Library of Congress Classification     BSOP Library Digital Library 05/09/2024 eB-00331   05/09/2024 05/09/2024 eBooks
BSOP

Biblical Seminary of the Philippines
  All rights Reserved
  © 2024

CONTACT INFORMATION

Biblical Seminary of the Philippines,
  77-B Karuhatan Road, Valenzuela City,
  PHILIPPINES 1441
  Phone: +632 8292-6795 / 8292-6798
  Fax : +632 8292-6675
  Email: library@bsop.edu.ph